000 00956nam a2200313 a 4500
001 vtls001658463
003 NLI
005 20210628143012.0
008 130205s1960 ii 000 1 mal
020 _cRs. 4.50
039 9 _y201302051901
_zVLOAD
040 0 _aNLI
_bmal
_cENTERTECH - MALAYALAM
_eAACR2
041 1 _amal
044 _aii
082 0 4 _a843.7
100 1 _aDumas, Alexandre
_9694808
245 1 0 _aCamille /
_cAlexandre Dumas ; translated by Panekkutt Sankaram
260 _aPalghat :
_bUdaya Publications,
_c1960
500 _aLibrary has 2 cops.
650 0 _aFrench fiction
_y19th century
_xTranslations into Malayalam
700 1 _aSankaram, Panekkutt,
_4trl
_91095908
887 _a
901 _a4734
_b29.04.1960
901 _a5106
_b02.01.1961
_9c.2
902 _aMal 843.7 Du 859 ks
949 _AVIRTUAITEM
_D10000
_X100
_6DBA000005106MAL
942 _2ddc
_cBKS
949 _AVIRTUAITEM
_D10000
_X100
_6DBA000004734MAL
999 _c1104591
_d1104591